| 000 | 00907cab a2200277 4500 | ||
|---|---|---|---|
| 001 | ABS57664 | ||
| 008 | 090401t1997 xxu||||| |||| 00| 0 eng d | ||
| 035 | _a(Sirsi) u81127 | ||
| 041 | _aeng | ||
| 100 | _aBawdon, F. | ||
| 245 | _aProperty shops | ||
| 260 | _c1997 | ||
| 350 | _a0 | ||
| 490 |
_aNew Law Journal _v147(6808) 19 September 1997, 1342-1343(2) |
||
| 520 | _aDiscusses the likelihood of Solicitors Property Centres being a success, following the demise of Solicitors Financial and Property Services shortly after their launch in the late 1980s. | ||
| 650 | _aCONVEYANCING | ||
| 650 | _aLAW SOCIETY | ||
| 650 | _aPROPERTY SERVICES | ||
| 650 | _aPROPERTY SHOPS | ||
| 650 | _aSOLICITORS FINANCIAL SERVICES | ||
| 650 | _aSOLICITORS PROPERTY CENTRES | ||
| 650 | _aSOLICITORS | ||
| 690 | _aMANAGEMENT-BUSINESS MANAGEMENT-PROFESSIONAL PRACTICE | ||
| 942 | _n0 | ||
| 948 | _c29/09/1997 | ||
| 999 |
_c51120 _d51120 |
||